<Die> Bedeutung der Strukturgestaltungspolitik für den Entwicklungsprozess <Ein> theoretischer Beitrag zur Strukturgestaltung und seine Überprüfung am Beispiel Südkoreas

Gespeichert in:
Bibliographische Detailangaben
1. Verfasser: Jeung, Bong-Ja
Format: Buch
Sprache:Deutsch
Veröffentlicht: Frankfurt am Main J.W. Goethe-Universität 1992
Ausgabe:1. Aufl.
Schlagworte:
Tags: Tag hinzufügen
Keine Tags, Fügen Sie das erste Tag hinzu!

MARC

LEADER 00000nam a2200000 4500
001 c003070
005 20240116102920.2
041 0 |a ger 
044 |a DE 
245 1 0 |a <Die> Bedeutung der Strukturgestaltungspolitik für den Entwicklungsprozess  |b <Ein> theoretischer Beitrag zur Strukturgestaltung und seine Überprüfung am Beispiel Südkoreas  |c Bong-Ja Jeung 
250 |a 1. Aufl. 
264 1 |a Frankfurt am Main  |b J.W. Goethe-Universität  |c 1992 
300 |a 292 s. 
610 2 0 |a Južná Kórea 
610 2 0 |a rast hospodársky 
610 2 0 |a stratégia hospodárska 
610 2 0 |a kapitál zahraničný 
610 2 0 |a obchod medzinárodný 
610 2 0 |a politika hospodárska 
610 2 0 |a zmeny štruktúrne 
100 1 |a Jeung, Bong-Ja